00753cam a22002533a 450000100090000000300040000900500170001300800410003001000170007102000310008803500230011904000230014204200140016505000290017910000180020824500410022626000360026730000210030344000370032450000190036165500280038065500290040871000620043712633388OSt20250603101857.0991001s1999 nyu j 000 1 eng d a 2002557470 a0590519344 (pbk.) :c$4.99 a(OCoLC)ocm42470795 aOCOcOCOdSLCdDLC alccopycat00aCPB Box no. 1776 vol. 381 aWatson, Jude.14aThe mark of the crown / Jude Watson. aNew York :bScholastic,cc1999. a131 p. ;c20 cm. 0aStar Wars, Jedi apprentice ;v#4 a"Lucas books." 7aScience fiction.2gsafd 7aStar wars fiction.2lcsh2 aCopyright Paperback Collection (Library of Congress)5DLC